000 00200 a2200097 4500
020 _a9780590293488
041 _aspa
100 _aBrown, Roberta y Murdocca Sal
245 _aAl Escondite
942 _cBK
999 _c14964
_d14964